000 00524pam a2200169 a 4500
020 _a0132766353
082 0 0 _a620.11
_bBUD
_cL-21, P-77
100 1 _aBudinski, Kenneth G.
_940727
245 1 0 _aEngineering materials :
_bproperties and selection /
_cKenneth G. Budinski.
250 _a4th ed.
260 _aEnglewood Cliffs, N.J. :
_bPrentice Hall,
_cc1992.
300 _axii, 708 p. :
_bill. ;
_c25 cm.
526 _a0
_b0
_c0
_d620_110000000000000_BUD
650 0 _aMaterials.
_91466
650 0 _aMCE
_9379
942 _2ddc
_cBK
999 _c544984
_d544984